Fifteen Shades of Green - Statistics

General Stats
  • This quiz has been taken 28 times
  • The average score is 7 of 15
Answer Stats
Letter Color % Correct
F Forest
78%
O Olive
78%
T Teal
78%
L Lime
74%
N Neon
67%
J Jade
59%
E Emerald
56%
C Chartreuse
44%
M Mint
41%
S Sage
33%
A Army
15%
K Kelly
15%
P Pear
15%
D Seafoam
15%
V Verdigris
7%
No matching quizzes found
Score Distribution
Percent of People with Each Score
Percentile by Number Answered
Your Score History
You have not taken this quiz